00741nam a2200217 a 450000100100000000500170001000800410002702000150006804000250008308200240010810000300013224501090016225000110027126000370028230000270031949000410034650400270038765000440041470000260045883000390048400002520320240302073950.0110211s2006 dr a 000 0 spa d a9993483478 aDO-SdBNPbspacBNPHU a920.72bS211C, 20061 aCassá, Roberto, d1948-10aMaría Trinidad Sánchez :bla heroína de febrero /cRoberto Cassá ; ilustraciones Ramiro Manzano. a2a ed. aSanto Domingo :bTobogan,c2006. a49 p. :bil. ;c21 cm.1 aBiografías dominicanas Tobogán ; aBibliografía : p. 49 4aSánchez, maría trinidad,d1784-18451 aManzano, Ramiro,eil. 0aBiografías dominicanas Tobogán